<?xml version="1.0" encoding="UTF-8"?>
<record
    xmlns:xsi="http://www.w3.org/2001/XMLSchema-instance"
    xsi:schemaLocation="http://www.loc.gov/MARC21/slim http://www.loc.gov/standards/marcxml/schema/MARC21slim.xsd"
    xmlns="http://www.loc.gov/MARC21/slim">

  <leader>00386nam a2200133   4500</leader>
  <controlfield tag="008">191125s2018||||xo                      d</controlfield>
  <datafield tag="245" ind1="1" ind2="0">
    <subfield code="a">Minulost, s&#xFA;casnost a perspektivy liter&#xE1;rnovednej slovakistiky</subfield>
  </datafield>
  <datafield tag="250" ind1=" " ind2=" ">
    <subfield code="a">1.vydanie</subfield>
  </datafield>
  <datafield tag="260" ind1=" " ind2=" ">
    <subfield code="b">Platforma pre literat&#xFA;ru a v&#xFD;skum</subfield>
    <subfield code="a">Bratislava</subfield>
    <subfield code="c">2018</subfield>
  </datafield>
  <datafield tag="300" ind1=" " ind2=" ">
    <subfield code="a">152s.</subfield>
  </datafield>
  <datafield tag="020" ind1=" " ind2=" ">
    <subfield code="a">9788097312503</subfield>
    <subfield code="c">8,55</subfield>
  </datafield>
  <datafield tag="041" ind1="1" ind2=" ">
    <subfield code="a">slo</subfield>
  </datafield>
  <datafield tag="044" ind1=" " ind2=" ">
    <subfield code="a">xo</subfield>
    <subfield code="c">SK</subfield>
  </datafield>
  <datafield tag="999" ind1=" " ind2=" ">
    <subfield code="c">22821</subfield>
    <subfield code="d">22821</subfield>
  </datafield>
  <datafield tag="952" ind1=" " ind2=" ">
    <subfield code="0">0</subfield>
    <subfield code="1">0</subfield>
    <subfield code="4">0</subfield>
    <subfield code="7">0</subfield>
    <subfield code="8">K</subfield>
    <subfield code="a">10000</subfield>
    <subfield code="b">10000</subfield>
    <subfield code="d">2019-11-25</subfield>
    <subfield code="g">8.55</subfield>
    <subfield code="i">21159</subfield>
    <subfield code="o">I1825</subfield>
    <subfield code="r">2019-12-12</subfield>
    <subfield code="w">2019-12-12</subfield>
    <subfield code="y">OLDO</subfield>
  </datafield>
</record>
